000 00332nam a22001217a 4500
003 SGT
082 _a200
_bA08J
100 _aजाखोटिया, गिरीश पी.
245 _aआप ही बनिए कृष्ण
260 _b राजकमल प्रकाशन
_c2008
300 _a170
942 _2ddc
_cBK
999 _c31709
_d31709